| 000 | 00491nam a22001697a 4500 | ||
|---|---|---|---|
| 003 | SGT | ||
| 020 | _a9780323640633 | ||
| 082 |
_a617 _bS22T |
||
| 100 | _aTOWNSEND, COURTNEY M. | ||
| 245 | _aSABISTON TB. OF SURGERU THE BIOLOGICAL BASIS OF MODERN SURGICAL PRACTICE | ||
| 250 | _a21ST | ||
| 260 |
_aMISSOURI _bELSEVIER PUB _c2022 |
||
| 300 | _a2147 | ||
| 650 | _aGENERAL SURGERY | ||
| 653 | _aSABISTON TB. OF SURGERU THE BIOLOGICAL BASIS OF MODERN SURGICAL PRACTICE | ||
| 942 |
_2ddc _cBK |
||
| 999 |
_c25100 _d25100 |
||